00357nam a2200145Ia 45000030006000000080041000060400015000471000030000622450057000922500006001492600019001553000008001745460012001820050017001940STCL150530s9999 xx 000 0 und d aSTCLcSTCL aGiacomo Crrea;Sergio Riva aOrganic Synthesis With Enzymes in Non -Aqueous Media a1 c2008aWeinhein a308 aEnglish20220125170311.0